[Event "Chess24 Banter Blitz Cup Final"]
[Site "chess24.com INT"]
[Date "2020.09.22"]
[Round "1.3"]
[White "Grischuk, Alexander"]
[Black "Mamedov, Rauf"]
[Result "1-0"]
[WhiteElo "2777"]
[BlackElo "2654"]
[PlyCount "117"]
[EventDate "2020.09.21"]
[EventType "k.o. (blitz)"]
[EventRounds "4"]
[EventCountry "GER"]
[SourceTitle "EXT 2021"]
[Source "ChessBase"]
[SourceDate "2020.10.23"]
[SourceVersion "1"]
[SourceVersionDate "2020.10.23"]
[SourceQuality "1"]

1. e4 e5 2. Nf3 d6 3. Bc4 Nf6 4. d3 c6 5. O-O Be7 6. Re1 O-O 7. Nbd2 a5 8. a4
Nbd7 9. Nf1 Nc5 10. c3 Be6 11. Bxe6 Nxe6 12. Ng3 Re8 13. d4 Bf8 14. h3 h6 15.
Qc2 Qc7 16. Be3 Rad8 17. Rad1 exd4 18. cxd4 d5 19. e5 Nh7 20. Nf5 b6 21. N3h4
c5 22. f4 Rc8 23. Qf2 Qd7 24. b3 c4 25. bxc4 Rxc4 26. Ng3 Rec8 27. Nf3 Rc2 28.
Qf1 Qxa4 29. h4 Qc4 30. Re2 Rxe2 31. Nxe2 f5 32. h5 Be7 33. Rb1 Bb4 34. Nh4 Rf8
35. Ng3 Qc2 36. Qd1 Qxd1+ 37. Rxd1 a4 38. Rb1 Bc3 39. Rxb6 Nc7 40. Rc6 Nb5 41.
Bc1 a3 42. Bxa3 Bxd4+ 43. Kh2 Nxa3 44. Ngxf5 Bb2 45. Rg6 Rf7 46. Nxh6+ Kf8 47.
Nxf7 Kxf7 48. Nf5 Nf8 49. Rxg7+ Ke6 50. g4 d4 51. Re7+ Kd5 52. Rf7 Ne6 53. Rd7+
Ke4 54. h6 Bc1 55. h7 Bxf4+ 56. Ng3+ Kf3 57. h8=Q Bxg3+ 58. Kh1 Nf4 59. Qa8+
1-0

[Event "Chess24 Banter Blitz Cup Final"]
[Site "chess24.com INT"]
[Date "2020.09.22"]
[Round "1.4"]
[White "Mamedov, Rauf"]
[Black "Grischuk, Alexander"]
[Result "0-1"]
[WhiteElo "2654"]
[BlackElo "2777"]
[PlyCount "124"]
[EventDate "2020.09.21"]
[EventType "k.o. (blitz)"]
[EventRounds "4"]
[EventCountry "GER"]
[SourceTitle "EXT 2021"]
[Source "ChessBase"]
[SourceDate "2020.10.23"]
[SourceVersion "1"]
[SourceVersionDate "2020.10.23"]
[SourceQuality "1"]

1. e4 c5 2. c3 Nf6 3. e5 Nd5 4. Bc4 Nb6 5. Bb3 c4 6. Bc2 Nc6 7. Nf3 d6 8. exd6
Qxd6 9. Na3 Bg4 10. d4 cxd3 11. Qxd3 Qxd3 12. Bxd3 Bxf3 13. gxf3 e6 14. Nb5
O-O-O 15. Be4 Nd5 16. c4 Ndb4 17. a3 Nd3+ 18. Bxd3 Rxd3 19. Ke2 Rb3 20. Rd1 Be7
21. Rb1 Rd8 22. Rxd8+ Kxd8 23. Be3 a6 24. Nc3 Ne5 25. Kd2 Nxf3+ 26. Kc2 Rxc3+
27. Kxc3 h5 28. h3 g5 29. b4 f5 30. b5 axb5 31. Rxb5 Kc7 32. a4 Bd6 33. a5 h4
34. c5 Be5+ 35. Kc4 g4 36. hxg4 h3 37. c6 Kxc6 38. Rb6+ Kc7 39. Rxe6 h2 40. Rh6
fxg4 41. Kd5 g3 42. fxg3 Bxg3 43. Rh7+ Kc8 44. Ke6 Bh4 45. Bf4 Ng5+ 46. Bxg5
h1=Q 47. Rxh4 Qc6+ 48. Kf5 Qd5+ 49. Kg6 Qxa5 50. Rh7 Qd5 51. Bf6 Qe4+ 52. Kg7
Kd7 53. Kf8+ Kc6 54. Re7 Qf5 55. Rf7 b5 56. Kg7 Qg4+ 57. Kf8 b4 58. Re7 b3 59.
Re3 Qf4 60. Re6+ Kd5 61. Rb6 Kc5 62. Re6 b2 0-1

[Event "Chess24 Banter Blitz Cup Final"]
[Site "chess24.com INT"]
[Date "2020.09.22"]
[Round "1.5"]
[White "Grischuk, Alexander"]
[Black "Mamedov, Rauf"]
[Result "1-0"]
[WhiteElo "2777"]
[BlackElo "2654"]
[PlyCount "61"]
[EventDate "2020.09.21"]
[EventType "k.o. (blitz)"]
[EventRounds "4"]
[EventCountry "GER"]
[SourceTitle "EXT 2021"]
[Source "ChessBase"]
[SourceDate "2020.10.23"]
[SourceVersion "1"]
[SourceVersionDate "2020.10.23"]
[SourceQuality "1"]

1. e4 c5 2. Nf3 d6 3. Bb5+ Nc6 4. O-O Bd7 5. Re1 a6 6. Bxc6 Bxc6 7. d4 cxd4 8.
Nxd4 Bd7 9. Nc3 Nf6 10. Bg5 e6 11. Nf5 Qb6 12. Qf3 O-O-O 13. Nxg7 Bxg7 14. Bxf6
Bxf6 15. Qxf6 Rhg8 16. b3 Rg6 17. Qxf7 Rdg8 18. g3 Rxg3+ 19. hxg3 Rxg3+ 20. Kh2
Rxc3 21. Rg1 Kb8 22. Rac1 Ka7 23. Rg3 Rc7 24. Qf4 d5 25. c4 d4 26. Rg5 Bc6 27.
c5 Qa5 28. b4 Qxa2 29. Qxc7 Qxf2+ 30. Rg2 Qh4+ 31. Kg1 1-0

[Event "Chess24 Banter Blitz Cup Final"]
[Site "chess24.com INT"]
[Date "2020.09.22"]
[Round "1.6"]
[White "Mamedov, Rauf"]
[Black "Grischuk, Alexander"]
[Result "1/2-1/2"]
[WhiteElo "2654"]
[BlackElo "2777"]
[PlyCount "112"]
[EventDate "2020.09.21"]
[EventType "k.o. (blitz)"]
[EventRounds "4"]
[EventCountry "GER"]
[SourceTitle "EXT 2021"]
[Source "ChessBase"]
[SourceDate "2020.10.23"]
[SourceVersion "1"]
[SourceVersionDate "2020.10.23"]
[SourceQuality "1"]

1. e4 c5 2. c3 Nf6 3. e5 Nd5 4. Bc4 Nb6 5. Bb3 c4 6. Bc2 Nc6 7. Nf3 d6 8. exd6
Qxd6 9. Na3 Bg4 10. h3 Qe6+ 11. Qe2 Qxe2+ 12. Kxe2 Bxf3+ 13. Kxf3 e6 14. b3
O-O-O 15. Nxc4 Nxc4 16. bxc4 Ne5+ 17. Ke2 Nxc4 18. d3 Na5 19. Rb1 b6 20. Be3
Be7 21. Rb5 Rd7 22. Rhb1 Rhd8 23. g3 Rc7 24. Bd2 g6 25. Ba4 Rc5 26. Rxc5+ Bxc5
27. Bb5 Kc7 28. d4 Be7 29. h4 h5 30. Bf4+ Kb7 31. Bd3 Bd6 32. Be4+ Kc7 33. Bg5
Rc8 34. Kd3 Kd7 35. Bc1 Rc4 36. Rb2 Ra4 37. Rc2 b5 38. Bf3 Nc4 39. Bd1 Ba3 40.
Re2 Ra5 41. Bxa3 Rxa3 42. Bb3 Na5 43. Rb2 Kd6 44. Kc2 Nxb3 45. axb3 a5 46. Kd3
Kd5 47. f3 f6 48. g4 e5 49. dxe5 fxe5 50. gxh5 gxh5 51. Kc2 Ra1 52. Kd3 Rd1+
53. Ke3 Rc1 54. Kd3 Rd1+ 55. Ke3 Rc1 56. Kd3 Rd1+ 1/2-1/2

[Event "Chess24 Banter Blitz Cup Final"]
[Site "chess24.com INT"]
[Date "2020.09.22"]
[Round "1.7"]
[White "Grischuk, Alexander"]
[Black "Mamedov, Rauf"]
[Result "1/2-1/2"]
[WhiteElo "2777"]
[BlackElo "2654"]
[PlyCount "92"]
[EventDate "2020.09.21"]
[EventType "k.o. (blitz)"]
[EventRounds "4"]
[EventCountry "GER"]
[SourceTitle "EXT 2021"]
[Source "ChessBase"]
[SourceDate "2020.10.23"]
[SourceVersion "1"]
[SourceVersionDate "2020.10.23"]
[SourceQuality "1"]

1. e4 e5 2. Nf3 d6 3. d4 exd4 4. Nxd4 Nf6 5. Nc3 g6 6. Bf4 Bg7 7. Qd2 Nc6 8.
Bb5 Bd7 9. Bxc6 bxc6 10. Bh6 O-O 11. Bxg7 Kxg7 12. O-O c5 13. Nde2 Re8 14. f3
Bc6 15. Rad1 Nd7 16. Nf4 Ne5 17. b3 a5 18. Ncd5 a4 19. Qc3 axb3 20. axb3 Kg8
21. Ne3 Ra2 22. Rf2 Bd7 23. h3 Qh4 24. Nfd5 c6 25. Nb6 Bxh3 26. gxh3 Qg3+ 27.
Ng2 Qxh3 28. Qe3 d5 29. f4 Qh5 30. Rff1 Ng4 31. Qg3 Rxe4 32. Nd7 Kg7 33. Rde1
Rxc2 34. Rxe4 dxe4 35. Ne5 Nf6 36. f5 Qe2 37. fxg6 hxg6 38. Nf4 Qd2 39. Nfxg6
Nh5 40. Rxf7+ Kh6 41. Ng4+ Kg5 42. Qe5+ Kxg4 43. Qf5+ Kg3 44. Qe5+ Kg4 45. Qf5+
Kg3 46. Qe5+ Kg4 1/2-1/2

[Event "Chess24 Banter Blitz Cup Final"]
[Site "chess24.com INT"]
[Date "2020.09.24"]
[Round "2.1"]
[White "Grischuk, Alexander"]
[Black "Aronian, Levon"]
[Result "0-1"]
[WhiteElo "2777"]
[BlackElo "2773"]
[PlyCount "194"]
[EventDate "2020.09.21"]
[EventType "k.o. (blitz)"]
[EventRounds "4"]
[EventCountry "GER"]
[SourceTitle "EXT 2021"]
[Source "ChessBase"]
[SourceDate "2020.10.23"]
[SourceVersion "1"]
[SourceVersionDate "2020.10.23"]
[SourceQuality "1"]

1. Nf3 d5 2. g3 Nf6 3. Bg2 g6 4. c4 dxc4 5. Qa4+ Nfd7 6. Qxc4 Bg7 7. O-O O-O 8.
d3 c5 9. Nc3 Nc6 10. Be3 b6 11. Qh4 Bb7 12. d4 cxd4 13. Nxd4 Nxd4 14. Bxd4 Bxg2
15. Kxg2 Nf6 16. Rfd1 Qc7 17. Rac1 Qb7+ 18. f3 Rfd8 19. Qf4 Rac8 20. Qe3 h5 21.
h3 Rd6 22. Rd3 Re6 23. Qf2 b5 24. Rcd1 b4 25. Bxf6 Bxf6 26. Ne4 Rxe4 27. fxe4
Qxe4+ 28. Qf3 Qe6 29. Rd8+ Rxd8 30. Rxd8+ Kg7 31. b3 a5 32. Rd5 Qa6 33. g4 hxg4
34. hxg4 g5 35. Qd3 Qa8 36. Qf3 Qa6 37. Rf5 a4 38. Qd3 Qc6+ 39. Qf3 Qc2 40.
bxa4 Qxa2 41. a5 b3 42. Rb5 b2 43. Qd3 Qa4 44. Kf3 Qf4+ 45. Kg2 Qxg4+ 46. Kf1
Qf4+ 47. Kg2 Qg4+ 48. Kf1 Qa4 49. Kg2 Qa2 50. Kf3 Qe6 51. Kg2 Qc6+ 52. Kf2 Qe6
53. Kg2 Qa2 54. Kf3 Qa1 55. Kg2 Qa4 56. Kf3 Qa2 57. Kg2 b1=Q 58. Rxb1 Qxa5 59.
Rb5 Qa4 60. Rd5 Qg4+ 61. Kf1 Qe6 62. Kg2 Be5 63. Qe4 f6 64. Rd3 Qf7 65. Rh3 Qg6
66. Qxg6+ Kxg6 67. Rb3 Kf5 68. Rb4 g4 69. Ra4 Bd6 70. Rc4 Kg5 71. Ra4 f5 72.
Rc4 Be5 73. Ra4 Bc3 74. Rc4 Bd2 75. Rd4 Be3 76. Rc4 e5 77. Ra4 f4 78. Rb4 Kf5
79. Rb5 Bd4 80. Ra5 Ke4 81. Ra3 Bc5 82. Rc3 Bd4 83. Ra3 Bc5 84. Rc3 Kd5 85.
Rd3+ Bd4 86. Ra3 Kc4 87. Rd3 f3+ 88. Kf1 e4 89. Ra3 Bc5 90. Ra4+ Kd5 91. exf3
gxf3 92. Ra8 e3 93. Re8 Kd4 94. Rd8+ Ke4 95. Re8+ Kd3 96. Rd8+ Bd4 97. Re8 e2+
0-1

[Event "Chess24 Banter Blitz Cup Final"]
[Site "chess24.com INT"]
[Date "2020.09.24"]
[Round "2.2"]
[White "Aronian, Levon"]
[Black "Grischuk, Alexander"]
[Result "1-0"]
[WhiteElo "2773"]
[BlackElo "2777"]
[PlyCount "75"]
[EventDate "2020.09.21"]
[EventType "k.o. (blitz)"]
[EventRounds "4"]
[EventCountry "GER"]
[SourceTitle "EXT 2021"]
[Source "ChessBase"]
[SourceDate "2020.10.23"]
[SourceVersion "1"]
[SourceVersionDate "2020.10.23"]
[SourceQuality "1"]

1. e4 c6 2. d4 d5 3. e5 Bf5 4. Nf3 e6 5. c3 c5 6. Be3 Qb6 7. Qa4+ Nc6 8. Bb5 a6
9. Bxc6+ bxc6 10. Nbd2 Rb8 11. O-O c4 12. Rfc1 Qb5 13. Qd1 Nh6 14. b3 Ba3 15.
bxc4 dxc4 16. Rab1 Bxb1 17. Rxb1 Bb2 18. Bxh6 gxh6 19. Qc2 Ke7 20. a4 Qb7 21.
h3 c5 22. dxc5 Rhc8 23. Nxc4 Qb3 24. Qxb3 Rxb3 25. Rxb2 Rxb2 26. Nxb2 Rxc5 27.
c4 Rc7 28. Ne1 Rb7 29. Ned3 Rb3 30. g4 h5 31. gxh5 Rc3 32. Kg2 f6 33. exf6+
Kxf6 34. Kf3 Kf5 35. Ke3 e5 36. f3 Rc2 37. c5 Ke6 38. Nd1 1-0

[Event "Chess24 Banter Blitz Cup Final"]
[Site "chess24.com INT"]
[Date "2020.09.24"]
[Round "2.3"]
[White "Grischuk, Alexander"]
[Black "Aronian, Levon"]
[Result "1-0"]
[WhiteElo "2777"]
[BlackElo "2773"]
[PlyCount "185"]
[EventDate "2020.09.21"]
[EventType "k.o. (blitz)"]
[EventRounds "4"]
[EventCountry "GER"]
[SourceTitle "EXT 2021"]
[Source "ChessBase"]
[SourceDate "2020.10.23"]
[SourceVersion "1"]
[SourceVersionDate "2020.10.23"]
[SourceQuality "1"]

1. Nf3 d5 2. g3 Nf6 3. Bg2 g6 4. c4 dxc4 5. Qa4+ Nfd7 6. Qxc4 Bg7 7. O-O O-O 8.
d3 c5 9. Nc3 Nc6 10. Qh4 e5 11. Bg5 f6 12. Bh6 Bxh6 13. Qxh6 Qe7 14. Rfc1 Rb8
15. a3 Rd8 16. b4 cxb4 17. Nd5 Qf8 18. Qxf8+ Kxf8 19. axb4 a6 20. Rab1 Ne7 21.
Nxe7 Kxe7 22. b5 axb5 23. Rxb5 b6 24. Nd2 Ba6 25. Rb4 Rdc8 26. Ra1 Bb7 27. Nc4
Bxg2 28. Kxg2 b5 29. Na3 Ra8 30. Rxb5 Nc5 31. Rc1 Rxa3 32. Rbxc5 Rxc5 33. Rxc5
h5 34. Rc7+ Kd6 35. Rg7 g5 36. Rh7 Ra2 37. Kf3 g4+ 38. Ke3 Ra1 39. Rxh5 Rh1 40.
d4 exd4+ 41. Kxd4 Ke6 42. Ke4 Ra1 43. f3 Ra4+ 44. Ke3 Ra3+ 45. Kf2 gxf3 46.
exf3 Ra2+ 47. Kg1 f5 48. g4 fxg4 49. fxg4 Kf6 50. Rf5+ Kg6 51. h3 Rb2 52. Rf2
Rb5 53. Kg2 Kg5 54. Kg3 Rb3+ 55. Rf3 Rb1 56. h4+ Kg6 57. Rc3 Rg1+ 58. Kf3 Rf1+
59. Kg2 Rb1 60. Rc6+ Kg7 61. Re6 Rb3 62. Rd6 Ra3 63. Rc6 Rd3 64. Rb6 Rc3 65.
Re6 Rb3 66. Kf2 Rh3 67. h5 Kf7 68. Re3 Rh1 69. Kg2 Ra1 70. Kg3 Kf6 71. Kf4 Rf1+
72. Rf3 Rg1 73. Rf2 Rh1 74. Kg3+ Kg5 75. Rf5+ Kh6 76. Rf6+ Kg7 77. Ra6 Kh7 78.
Kf4 Kg7 79. Kg5 Rb1 80. Ra7+ Kg8 81. h6 Rb5+ 82. Kg6 Rb6+ 83. Kh5 Rd6 84. g5
Rc6 85. Re7 Rc5 86. Kg6 Rc6+ 87. Kf5 Rc5+ 88. Re5 Rc1 89. Re6 Kh7 90. Re7+ Kg8
91. Kf6 Rc6+ 92. Re6 Rc1 93. Re8+ 1-0

[Event "Chess24 Banter Blitz Cup Final"]
[Site "chess24.com INT"]
[Date "2020.09.24"]
[Round "2.4"]
[White "Aronian, Levon"]
[Black "Grischuk, Alexander"]
[Result "0-1"]
[WhiteElo "2773"]
[BlackElo "2777"]
[PlyCount "58"]
[EventDate "2020.09.21"]
[EventType "k.o. (blitz)"]
[EventRounds "4"]
[EventCountry "GER"]
[SourceTitle "EXT 2021"]
[Source "ChessBase"]
[SourceDate "2020.10.23"]
[SourceVersion "1"]
[SourceVersionDate "2020.10.23"]
[SourceQuality "1"]

1. e4 c6 2. d4 d5 3. e5 Bf5 4. Nf3 e6 5. c3 Nd7 6. Be2 h6 7. O-O Ne7 8. Nh4 Bh7
9. f4 c5 10. Be3 Qb6 11. Qd2 Nf5 12. Nxf5 Bxf5 13. Na3 a6 14. g4 Be4 15. Bf3
Bxf3 16. Rxf3 h5 17. Rh3 g6 18. Rf1 O-O-O 19. gxh5 Kb8 20. Kh1 Ka8 21. c4 cxd4
22. Bxd4 Bc5 23. Nc2 dxc4 24. Rd1 gxh5 25. Qg2 Nxe5 26. fxe5 Bxd4 27. b3 Bxe5
28. Re1 Rhg8 29. Qe4 Qf2 0-1

[Event "Chess24 Banter Blitz Cup Final"]
[Site "chess24.com INT"]
[Date "2020.09.24"]
[Round "2.5"]
[White "Grischuk, Alexander"]
[Black "Aronian, Levon"]
[Result "1/2-1/2"]
[WhiteElo "2777"]
[BlackElo "2773"]
[PlyCount "90"]
[EventDate "2020.09.21"]
[EventType "k.o. (blitz)"]
[EventRounds "4"]
[EventCountry "GER"]
[SourceTitle "EXT 2021"]
[Source "ChessBase"]
[SourceDate "2020.10.23"]
[SourceVersion "1"]
[SourceVersionDate "2020.10.23"]
[SourceQuality "1"]

1. Nf3 d5 2. g3 Nf6 3. Bg2 g6 4. c4 dxc4 5. Qa4+ Nfd7 6. Qxc4 Bg7 7. O-O c5 8.
Nc3 Nc6 9. d3 h6 10. Be3 b6 11. d4 Na5 12. Qa4 Bb7 13. Rad1 Bc6 14. Qc2 Nc4 15.
Bc1 O-O 16. dxc5 bxc5 17. Ne4 Bxe4 18. Qxc4 Bc6 19. Qh4 e6 20. Bxh6 Bxf3 21.
Bxf3 Qxh4 22. gxh4 Rad8 23. Bg5 Bf6 24. Kg2 Kg7 25. b3 Nb6 26. Rc1 Rc8 27. Be3
c4 28. Bxb6 axb6 29. Rxc4 Rxc4 30. bxc4 Rc8 31. h5 gxh5 32. Bxh5 Rxc4 33. Rb1
Bd8 34. Rd1 Be7 35. Rd7 Kf8 36. Rb7 Rc5 37. Bf3 b5 38. Be4 Bd6 39. h4 Rh5 40.
Bd3 b4 41. Kh3 Be7 42. Rb8+ Kg7 43. Rb7 Kf8 44. Rb8+ Kg7 45. Rb7 Kf8 1/2-1/2

[Event "Chess24 Banter Blitz Cup Final"]
[Site "chess24.com INT"]
[Date "2020.09.24"]
[Round "2.6"]
[White "Aronian, Levon"]
[Black "Grischuk, Alexander"]
[Result "0-1"]
[WhiteElo "2773"]
[BlackElo "2777"]
[PlyCount "106"]
[EventDate "2020.09.21"]
[EventType "k.o. (blitz)"]
[EventRounds "4"]
[EventCountry "GER"]
[SourceTitle "EXT 2021"]
[Source "ChessBase"]
[SourceDate "2020.10.23"]
[SourceVersion "1"]
[SourceVersionDate "2020.10.23"]
[SourceQuality "1"]

1. e4 c6 2. d4 d5 3. e5 Bf5 4. Nf3 e6 5. c3 Nd7 6. Be2 h6 7. O-O Ne7 8. a4 a6
9. b4 a5 10. b5 c5 11. dxc5 Nxc5 12. Be3 Rc8 13. c4 Ne4 14. Qb3 dxc4 15. Bxc4
Nd5 16. Rd1 Bb4 17. Bxd5 exd5 18. Nd4 Bg6 19. Nd2 Nc5 20. Qa2 O-O 21. Rac1 Qe7
22. N2f3 Ne4 23. Rxc8 Rxc8 24. Rc1 Rxc1+ 25. Bxc1 Qc5 26. Bb2 Qc4 27. Qa1 Nc3
28. e6 fxe6 29. Nxe6 Qd3 30. Nf4 Qb1+ 31. Qxb1 Bxb1 32. Bxc3 Bxc3 33. Nxd5 Ba1
34. Nd2 Bc2 35. Nc4 Bxa4 36. Nxa5 Bxb5 37. Ne3 Ba6 38. Nb3 Bf6 39. Nd5 Kf7 40.
Nxf6 Kxf6 41. f3 Bc4 42. Nd2 Bd5 43. Kf2 b5 44. Ke3 Ke5 45. Kd3 g5 46. g3 h5
47. Ke3 b4 48. f4+ gxf4+ 49. gxf4+ Kf5 50. Kd4 Bf7 51. Ke3 b3 52. Kd3 Kxf4 53.
Kc3 h4 0-1

[Event "Chess24 Banter Blitz Cup Final"]
[Site "chess24.com INT"]
[Date "2020.09.24"]
[Round "2.7"]
[White "Grischuk, Alexander"]
[Black "Aronian, Levon"]
[Result "0-1"]
[WhiteElo "2777"]
[BlackElo "2773"]
[PlyCount "94"]
[EventDate "2020.09.21"]
[EventType "k.o. (blitz)"]
[EventRounds "4"]
[EventCountry "GER"]
[SourceTitle "EXT 2021"]
[Source "ChessBase"]
[SourceDate "2020.10.23"]
[SourceVersion "1"]
[SourceVersionDate "2020.10.23"]
[SourceQuality "1"]

1. Nf3 d5 2. g3 Nf6 3. Bg2 g6 4. c4 dxc4 5. Qa4+ Nfd7 6. Qxc4 Bg7 7. O-O Nc6 8.
Qc2 O-O 9. Nc3 e5 10. d3 h6 11. Be3 Re8 12. Rfc1 Nb6 13. a3 Nd4 14. Qd1 Nf5 15.
Bc5 Nd7 16. Ne4 a5 17. a4 b6 18. Ba3 c5 19. b3 Bb7 20. Nfd2 Rb8 21. Nc4 Ba8 22.
Bb2 Qc7 23. e3 Rbd8 24. Qe2 Nf8 25. h4 h5 26. Rd1 Nh6 27. Ng5 Bxg2 28. Kxg2 Ne6
29. Qf3 Ng4 30. Rd2 f5 31. Qe2 Nxg5 32. hxg5 f4 33. e4 Rd4 34. f3 Rxc4 35. fxg4
Rb4 36. gxh5 Rxb3 37. hxg6 Qd6 38. Qh5 Rxd3 39. Rxd3 Qxd3 40. gxf4 Qxe4+ 41.
Qf3 Qxf3+ 42. Kxf3 e4+ 43. Kg4 Bxb2 44. Rb1 e3 45. f5 e2 46. f6 e1=Q 47. f7+
Kg7 0-1

[Event "Chess24 Banter Blitz Cup Final"]
[Site "chess24.com INT"]
[Date "2020.09.24"]
[Round "2.8"]
[White "Aronian, Levon"]
[Black "Grischuk, Alexander"]
[Result "1-0"]
[WhiteElo "2773"]
[BlackElo "2777"]
[PlyCount "37"]
[EventDate "2020.09.21"]
[EventType "k.o. (blitz)"]
[EventRounds "4"]
[EventCountry "GER"]
[SourceTitle "EXT 2021"]
[Source "ChessBase"]
[SourceDate "2020.10.23"]
[SourceVersion "1"]
[SourceVersionDate "2020.10.23"]
[SourceQuality "1"]

1. e4 c6 2. d4 d5 3. e5 Bf5 4. Nf3 e6 5. c3 Nd7 6. Be2 h6 7. O-O Ne7 8. Nbd2 a5
9. a4 Bg6 10. Ne1 c5 11. Ndf3 Nc6 12. Be3 Qb6 13. Bb5 Na7 14. Bxd7+ Kxd7 15. c4
Be4 16. Nd2 Bg6 17. cxd5 exd5 18. dxc5 Qxb2 19. Nc4 1-0

[Event "Chess24 Banter Blitz Cup Final"]
[Site "chess24.com INT"]
[Date "2020.09.24"]
[Round "2.9"]
[White "Grischuk, Alexander"]
[Black "Aronian, Levon"]
[Result "0-1"]
[WhiteElo "2777"]
[BlackElo "2773"]
[PlyCount "64"]
[EventDate "2020.09.21"]
[EventType "k.o. (blitz)"]
[EventRounds "4"]
[EventCountry "GER"]
[SourceTitle "EXT 2021"]
[Source "ChessBase"]
[SourceDate "2020.10.23"]
[SourceVersion "1"]
[SourceVersionDate "2020.10.23"]
[SourceQuality "1"]

1. Nf3 d5 2. g3 Nf6 3. Bg2 g6 4. c4 dxc4 5. Qa4+ Nfd7 6. Qxc4 Bg7 7. O-O Nc6 8.
Qc2 O-O 9. Nc3 e5 10. d3 h6 11. Be3 Re8 12. Rfc1 Nb6 13. Qd1 Nd4 14. Nd2 a5 15.
a3 c6 16. Rab1 a4 17. Nce4 Nd5 18. Bxd4 exd4 19. Nc5 b5 20. Rc2 Ra7 21. Rbc1
Rae7 22. Nce4 Bb7 23. Rxc6 Bxc6 24. Rxc6 Rc7 25. Qc2 Qd7 26. Rxc7 Qxc7 27. Qb1
Rc8 28. Qa2 Nc3 29. bxc3 dxc3 30. Nxc3 Qxc3 31. Bd5 Qa1+ 32. Qxa1 Bxa1 0-1

[Event "Speed Chess Super Swiss"]
[Site "chess.com INT"]
[Date "2020.10.03"]
[Round "1"]
[White "Grischuk, Alexander"]
[Black "Stoyanov, Tsvetan"]
[Result "1-0"]
[WhiteElo "2777"]
[BlackElo "2387"]
[PlyCount "95"]
[EventDate "2020.10.03"]
[EventType "swiss (blitz)"]
[EventRounds "15"]
[EventCountry "USA"]
[SourceTitle "EXT 2021"]
[Source "ChessBase"]
[SourceDate "2020.10.23"]
[SourceVersion "1"]
[SourceVersionDate "2020.10.23"]
[SourceQuality "1"]

1. e4 c5 2. Nf3 d6 3. Bb5+ Nd7 4. a4 a6 5. Be2 e5 6. Bc4 h6 7. Nc3 Ngf6 8. d3
g6 9. O-O Bg7 10. a5 Nf8 11. Bd2 Ne6 12. Na4 O-O 13. b4 Qe7 14. Nb6 Rb8 15. c3
Nc7 16. Re1 Nd7 17. Be3 Nxb6 18. axb6 Ne6 19. Qb3 Bd7 20. Bd5 Rfc8 21. Rac1 Be8
22. Nd2 Nd8 23. bxc5 dxc5 24. Nc4 Kh7 25. f4 Bb5 26. Rf1 Nc6 27. Qa3 Bxc4 28.
dxc4 exf4 29. Bxc5 Qg5 30. Bd6 Bf8 31. Bxf8 Rxf8 32. Bxc6 bxc6 33. c5 Rbe8 34.
Rce1 f5 35. e5 Re7 36. Qb4 Rfe8 37. Qxf4 Qxf4 38. Rxf4 Rxe5 39. Rxe5 Rxe5 40.
Rb4 Re8 41. Ra4 Ra8 42. Kf2 Kg7 43. Kf3 Kf7 44. Rxa6 Rb8 45. Ra7+ Kf6 46. c4
Ke5 47. Rd7 Re8 48. Rd6 1-0

[Event "Speed Chess Super Swiss"]
[Site "chess.com INT"]
[Date "2020.10.03"]
[Round "2"]
[White "Warmerdam, Max"]
[Black "Grischuk, Alexander"]
[Result "0-1"]
[WhiteElo "2506"]
[BlackElo "2777"]
[PlyCount "80"]
[EventDate "2020.10.03"]
[EventType "swiss (blitz)"]
[EventRounds "15"]
[EventCountry "USA"]
[SourceTitle "EXT 2021"]
[Source "ChessBase"]
[SourceDate "2020.10.23"]
[SourceVersion "1"]
[SourceVersionDate "2020.10.23"]
[SourceQuality "1"]

1. e4 c5 2. Nf3 d6 3. Bb5+ Nd7 4. d4 cxd4 5. Qxd4 a6 6. Bxd7+ Bxd7 7. Nc3 Rc8
8. e5 f6 9. exd6 e5 10. Nxe5 fxe5 11. Qxe5+ Kf7 12. Qd5+ Be6 13. Qxb7+ Qd7 14.
Qxa6 Qxd6 15. Qxd6 Bxd6 16. Bd2 Nf6 17. O-O-O Rc6 18. Rhe1 Rhc8 19. Re2 Bxh2
20. g3 Bg4 21. f3 Bxf3 22. Rxh2 Bxd1 23. Kxd1 h6 24. a4 Rd8 25. Kc1 Ng4 26. Rh4
Ne5 27. b3 g5 28. Re4 Nf3 29. Re2 Kg6 30. Ne4 Nd4 31. Rf2 Nxb3+ 32. Kd1 Nxd2
33. Rxd2 Ra8 34. Rd4 Rac8 35. c3 Ra8 36. Kc2 Rca6 37. Kb3 h5 38. Nc5 Ra5 39.
Rd6+ Kf5 40. Rd5+ Kg4 0-1

[Event "Speed Chess Super Swiss"]
[Site "chess.com INT"]
[Date "2020.10.03"]
[Round "3"]
[White "Grischuk, Alexander"]
[Black "Kobo, Ori"]
[Result "1-0"]
[WhiteElo "2777"]
[BlackElo "2460"]
[PlyCount "93"]
[EventDate "2020.10.03"]
[EventType "swiss (blitz)"]
[EventRounds "15"]
[EventCountry "USA"]
[SourceTitle "EXT 2021"]
[Source "ChessBase"]
[SourceDate "2020.10.23"]
[SourceVersion "1"]
[SourceVersionDate "2020.10.23"]
[SourceQuality "1"]

1. e4 g6 2. d4 Bg7 3. Nf3 d6 4. Bd3 Nf6 5. O-O O-O 6. Re1 Nc6 7. d5 Nb4 8. Bf1
a5 9. h3 e6 10. c4 Re8 11. Nc3 Bd7 12. Bf4 e5 13. Be3 b6 14. a3 Na6 15. Rb1 Nc5
16. Bxc5 bxc5 17. b4 cxb4 18. axb4 axb4 19. Rxb4 Bf8 20. Qc2 c5 21. Rb7 Nh5 22.
Reb1 f5 23. Qb3 Nf6 24. Bd3 Ra6 25. Ng5 Qa8 26. Ne6 Ra3 27. Qc2 Qa5 28. Nb5 Ra2
29. Qc3 fxe4 30. Qxa5 Rxa5 31. Bc2 Bxe6 32. dxe6 Rxe6 33. Nc3 e3 34. fxe3 Ra3
35. R1b3 Rxb3 36. Bxb3 Re8 37. Kf2 Bh6 38. Ke2 Rf8 39. g4 Rf7 40. Rb6 Bf8 41.
Ba4 h5 42. g5 Nh7 43. h4 Kg7 44. Ne4 Be7 45. Bc6 Nf8 46. Bd5 Rf5 47. Rb7 1-0

[Event "Speed Chess Super Swiss"]
[Site "chess.com INT"]
[Date "2020.10.03"]
[Round "4"]
[White "Sjugirov, Sanan"]
[Black "Grischuk, Alexander"]
[Result "1/2-1/2"]
[WhiteElo "2675"]
[BlackElo "2777"]
[PlyCount "98"]
[EventDate "2020.10.03"]
[EventType "swiss (blitz)"]
[EventRounds "15"]
[EventCountry "USA"]
[SourceTitle "EXT 2021"]
[Source "ChessBase"]
[SourceDate "2020.10.23"]
[SourceVersion "1"]
[SourceVersionDate "2020.10.23"]
[SourceQuality "1"]

1. e4 c5 2. Nf3 d6 3. Bb5+ Nd7 4. d4 cxd4 5. O-O a6 6. Bxd7+ Bxd7 7. Qxd4 Rc8
8. c4 b5 9. cxb5 e5 10. Qd1 axb5 11. Nc3 h6 12. Qb3 Rb8 13. Nd5 Nf6 14. Nxf6+
Qxf6 15. Be3 Be7 16. Rac1 Qe6 17. Qd3 O-O 18. a3 Rfc8 19. Nd2 Bc6 20. Rfd1 d5
21. exd5 Qxd5 22. Qxd5 Bxd5 23. Nf3 Rxc1 24. Bxc1 Bxf3 25. gxf3 f6 26. Rd7 Kf7
27. Be3 Ke6 28. Rc7 g5 29. Kf1 f5 30. Rc6+ Kd5 31. Rxh6 f4 32. Bd2 b4 33. axb4
Bxb4 34. Bxb4 Rxb4 35. Rg6 Rxb2 36. Rxg5 Ke6 37. h4 Kf6 38. Kg2 Ra2 39. Rg8 Kf7
40. Rg4 Ra8 41. Kh3 Ra3 42. Kg2 Ra8 43. Rg5 Kf6 44. Kh3 Ra2 45. Rg2 Ra3 46. Kg4
Ra8 47. Kh3 Ra3 48. Kg4 Ra8 49. Kh3 Ra3 1/2-1/2